| 000 | 00402nam a2200145 a 4500 | ||
|---|---|---|---|
| 082 | 0 | 0 |
_a220.3 _bPUB |
| 100 | _aPanjab religion Book Society | ||
| 245 | _aInjil Muqadas Ke Chand Cheda Mazamin Ma Hawalajat. | ||
| 260 |
_aLahore _bPunjab Religious Book society _c1928 |
||
| 300 | _a20 | ||
| 500 | _aincludes index and biblioraphy | ||
| 505 | 2 | _abibliography | |
| 650 | _aBible-Dictionaries | ||
| 942 | _cBK | ||
| 999 |
_c4323 _d4323 |
||